Metallic materials specification handbook /
Guardado en:
| Autor Principal: | |
|---|---|
| Formato: | Libro |
| Idioma: | English |
| Publicado: |
London :
Spon,
1980.
|
| Edición: | 3rd ed. |
| Materias: | |
| Etiquetas: |
Agregar Etiqueta
Sin Etiquetas, Sea el primero en etiquetar este registro!
|
| LEADER | 00747nam a22002295a 4500 | ||
|---|---|---|---|
| 001 | EIQ.libpla001932 | ||
| 008 | 811210s1980####enk######f####001#0#eng#d | ||
| 005 | 20070306174148.0 | ||
| 245 | 1 | 0 | |a Metallic materials specification handbook / |c Robert B. Ross. |
| 250 | |a 3rd ed. | ||
| 260 | |a London : |b Spon, |c 1980. | ||
| 300 | |a xii, 793 p. ; |c 26 cm. | ||
| 500 | |a 1º publicación en 1968 bajo el título: Metallic materials. | ||
| 500 | |a Incluye índice. | ||
| 020 | |a 0419113606 | ||
| 100 | 1 | |a Ross, Robert B. | |
| 082 | 0 | 0 | |a 669/.00212 |2 19 |
| 650 | 4 | |a Metales |x Handbooks, manuales, etc. | |
| 650 | 0 | |a Metals |x Handbooks, manuals, etc. | |
| 010 | |a 79040761 | ||
| 040 | |a DLC |c DLC |d AR-BbSID | ||
| 859 | |a AR-BbSID |b BIB. PLAPIQUI |h 669.002 12 |i R 71 |k R |p 1368 | ||
